[Event "EICC 2017"]
[Site "Minsk"]
[Date "2017.05.31"]
[Round "2"]
[White "Moiseenko, Alexander"]
[Black "Sadzikowski, Daniel"]
[Result "1/2-1/2"]
[WhiteElo "2677"]
[BlackElo "2548"]
[Annotator "TA"]
[PlyCount "67"]
[EventDate "2017.??.??"]
[EventCountry "BLR"]
[SourceTitle "playchess.com"]
[Source "ChessBase"]
[SourceQuality "1"]

{[%evp 12,67,20,15,24,15,23,6,25,19,16,16,18,23,23,29,36,22,17,26,21,20,20,12,16,13,35,36,45,12,12,13,18,0,0,0,0,0,0,-47,0,0,0,0,0,0,0,0,0,0,0,0,0,0,0,0,0,0]} 1. d4 Nf6 2. c4 g6 3. Nc3 d5 4. cxd5 Nxd5 5. e4 Nxc3 6. bxc3 Bg7 7. Qa4+ Qd7 {D85: Exchange Grünfeld: Unusual White 7th moves and lines with 7 Nf3} 8. Bb5 c6 9. Be2 c5 10. Bb5 Nc6 {[%cal Rc5d4]} 11. Nf3 {[#] Strongly threatening d5.} O-O {[%cal Rc5d4]} 12. O-O {aiming for d5.} Qc7 13. Bxc6 bxc6 14. Ba3 cxd4 15. cxd4 {[#]} Bg4 $146 16. Ne5 Bxe5 17. dxe5 Qxe5 18. f3 Be6 (18... Bc8 {is interesting.} 19. Rac1 Qb5 20. Qc2 Re8 21. Qxc6 Qb6+) 19. Bxe7 Bc4 20. Bxf8 (20. Qxc4 {looks sharper.} Qxe7 21. Qxc6 Rac8 22. Qa4 Rc3 23. Kh1) 20... Bxf1 21. Rxf1 Rxf8 22. Qxa7 $14 {[%mdl 4096] Endgame KQR-KQR} Rd8 23. g3 c5 {Hoping for ...Rd2.} 24. Rf2 c4 25. a4 Rd3 26. a5 {The position is equal.} Ra3 27. a6 Qd6 28. Qb7 Qxa6 29. Qxa6 Rxa6 $11 {KR-KR} 30. Rc2 Ra4 31. Kf2 g5 32. f4 gxf4 33. gxf4 f5 34. exf5 {Precision: White = 68%, Black = 81%.} 1/2-1/2

[Event "EICC 2017"]
[Site "Minsk"]
[Date "2017.05.31"]
[Round "2"]
[White "Smirin, Ilia"]
[Black "Moroni, Luca Jr"]
[Result "0-1"]
[WhiteElo "2676"]
[BlackElo "2448"]
[Annotator "TA"]
[PlyCount "80"]
[EventDate "2017.??.??"]
[EventCountry "BLR"]
[SourceTitle "playchess.com"]
[Source "ChessBase"]
[SourceQuality "1"]

{[%evp 21,80,0,16,0,0,0,0,-29,-32,-46,-41,-45,-56,-48,-51,-60,-61,-67,-60,-92,-97,-150,-135,-166,-162,-149,-151,-217,-210,-217,-189,-212,-142,-125,-114,-104,-108,-108,-113,-114,-104,-110,-101,-137,-122,-104,-58,-136,-134,-124,-126,-257,-246,-490,-493,-518,-513,-768,-709,-1009,-988]} 1. e4 e5 2. Nf3 Nc6 3. Bb5 a6 4. Ba4 Nf6 5. O-O b5 6. Bb3 Bc5 7. c3 d6 8. d4 Bb6 9. h3 O-O 10. Be3 h6 11. Nbd2 Re8 12. a4 {C78: Ruy Lopez: Archangelsk and Möller Defences} Rb8 13. axb5 axb5 14. Qc2 {The position is equal.} exd4 15. cxd4 {[#]} Bb7 $146 ({Predecessor:} 15... Na5 16. Ba2 Bb7 17. e5 Nd5 18. Bb1 g6 19. Bxh6 {0-1 (28) Kamsky,G (2741)-Svidler,P (2739) Khanty-Mansiysk 2011}) 16. Rfe1 Nb4 17. Qc3 c5 $1 18. dxc5 dxc5 19. Ne5 {[#]} Rxe5 $1 {[%mdl 512]} 20. Qxe5 Nd3 $36 {[%mdl 2048] Black is really pushing.} 21. Qg3 {[#]} (21. Qc3 $142) 21... Bc7 $1 $17 {[%cal Rc7g3]} 22. Qh4 Nxe1 23. Rxe1 Qd6 24. g3 (24. Bc2 $17) 24... Re8 {[%cal Rf6e4]} 25. Bc2 c4 26. Ra1 Bb6 27. Qf4 Qxf4 28. gxf4 Bxe3 29. fxe3 Rd8 30. Nf3 Nxe4 31. Nd4 Nd6 32. Rd1 {Hoping for Nxb5!} Re8 33. Kf2 g6 (33... Kf8 {is more complex.} 34. Ra1 g6 35. Ra7 Re7 36. b4 cxb3 37. Bxb3 b4) 34. Nf3 (34. Nc6 $1 $15 Bxc6 35. Rxd6) 34... Ne4+ 35. Bxe4 Bxe4 {KRB-KRN} ({Stronger than} 35... Rxe4 36. Rd8+ Kg7 37. Ne5 $14) 36. Ra1 (36. Rd4 $17) 36... b4 $19 {[%cal Bb5b4,Bb4b3][%mdl 32]} 37. Ne5 $2 (37. Nd2 {was worth a try.} Bd3 38. Rc1) 37... c3 {Black is clearly winning.} 38. bxc3 {[#]} Rxe5 $1 {[%mdl 512]} 39. fxe5 b3 40. e6 fxe6 {Precision: White = 22%, Black = 90%.} 0-1

[Event "EICC 2017"]
[Site "Minsk"]
[Date "2017.05.31"]
[Round "2"]
[White "Zvjaginsev, Vadim"]
[Black "Petrosyan, Manuel"]
[Result "1/2-1/2"]
[WhiteElo "2661"]
[BlackElo "2546"]
[Annotator "TA"]
[PlyCount "41"]
[EventDate "2017.??.??"]
[EventCountry "BLR"]
[SourceTitle "playchess.com"]
[Source "ChessBase"]
[SourceQuality "1"]

{[%evp 9,41,6,14,13,9,8,18,0,27,0,0,-4,-4,-3,-2,-2,0,-8,-3,-21,-2,-8,0,5,18,-18,-23,-39,-42,-38,-38,-44,-48,-48]} 1. e4 e5 2. Bc4 Nf6 3. d3 c6 4. Nf3 d5 5. Bb3 a5 {[#] Strongly threatening ...a4.} 6. a4 {C24: Bishop's Opening: 2...Nf6} Bb4+ 7. c3 Bd6 8. O-O {The position is equal.} (8. exd5 cxd5 9. Bg5 Be6 10. Na3 Nbd7 11. Nb5 Bb8 12. O-O O-O 13. Re1 Re8 {1-0 (29) Yu,Y (2725)-Wang,Y (2737) Shenzhen 2016}) 8... O-O 9. Re1 dxe4 10. dxe4 Na6 $146 ({Predecessor:} 10... h6 11. Nbd2 Qe7 12. Nf1 Rd8 13. Qe2 Be6 {1-0 (60) Brandt,C (1810)-Dellert,L (1798) Braunfels 2015}) 11. Bc2 Nc5 12. Na3 Qe7 13. Nc4 Bc7 14. b3 {[%cal Bb2b3,Bb3b4][%mdl 32]} Rd8 15. Qe2 b6 16. Ba3 Ba6 17. Rad1 (17. b4 $5 {[%cal Rb4c5]}) 17... Nfd7 18. b4 Qe6 {Black is slightly better.} 19. bxc5 {[#] aiming for Bd3.} Bxc4 20. Qe3 h6 21. Nd2 {Precision: White = 63%, Black = 86%.} 1/2-1/2

[Event "EICC 2017"]
[Site "Minsk"]
[Date "2017.05.31"]
[Round "2"]
[White "Dubov, Daniil"]
[Black "Pavlidis, Antonios"]
[Result "1-0"]
[WhiteElo "2660"]
[BlackElo "2539"]
[Annotator "TA"]
[PlyCount "83"]
[EventDate "2017.??.??"]
[EventCountry "BLR"]
[SourceTitle "playchess.com"]
[Source "ChessBase"]
[SourceQuality "1"]

{[%evp 24,83,30,26,50,56,88,81,108,8,15,0,0,0,0,-25,-8,-38,-23,-71,-47,-24,-33,-31,-32,-42,-52,-23,-32,-44,0,0,0,-9,0,0,0,0,123,116,131,27,113,112,172,126,237,238,239,239,239,239,241,241,254,232,358,361,531,518,1381,1381]} 1. c4 Nf6 2. Nc3 g6 3. e4 d6 4. d4 Bg7 5. Nf3 O-O 6. Be2 Na6 7. O-O e5 8. Be3 Qe7 9. Bg5 Qe8 10. Re1 exd4 {E94: King's Indian: Classical: 6 Be2 e5 7 0-0: Various Black 7th moves} (10... h6 11. Bxf6 Bxf6 12. c5 Bg7 13. Bxa6 bxa6 14. dxe5 dxe5 15. Nd5 Rb8 16. Qc2 f5 17. Rad1 Qf7 18. b3 fxe4 19. Qxe4 {½-½ (26) Huzman,A (2552)-Adhiban,B (2682) Moscow 2017}) 11. Qxd4 Ng4 12. Qd2 Nc5 13. Bf1 {LiveBook: 5 Games} Ne5 {[#]} 14. Nxe5 $146 ({Predecessor:} 14. Nd4 f6 15. Be3 Qf7 16. b3 f5 17. exf5 Bxf5 18. Nxf5 Qxf5 {½-½ (27) Babula,V (2572)-Czarnota,P (2541) Warsaw 2011}) 14... dxe5 15. Nd5 $1 {[%cal Rd5c7]} f6 {[%cal Bf7f6,Bf6f5][%mdl 32]} 16. Be3 ({White should try} 16. Nxc7 $16 Qf7 17. Nxa8 fxg5 18. Qe3) 16... Ne6 $1 $11 17. Qa5 b6 18. Qa3 Bb7 19. c5 {[%cal Rc5b6]} f5 ({Of course not} 19... bxc5 $6 20. Nxc7 $1 {[%mdl 512]} Nxc7 21. Qb3+ Ne6 22. Qxb7 $16) 20. c6 Bxc6 21. Rac1 {Threatens to win with Rxc6!} Kh8 22. Qc3 Bb7 {...c6 is the strong threat.} 23. Nxc7 Nxc7 24. Qxc7 Rf7 25. Qc2 Bxe4 26. Qb3 Bb7 27. Bb5 Qe7 28. Bd2 Rd8 29. Bc4 $1 {[%cal Rc4f7]} Rxd2 30. Bxf7 Rd7 (30... e4 $11) 31. Be6 $16 Rd6 32. Bc8 (32. Bc4 $1 $16) 32... Bd5 (32... Bh6 $11 33. Rc2 Be4) 33. Qa3 $1 Be4 (33... a5 $16 {might work better.}) 34. f3 Bd3 {[#]} (34... Bd5 $16) 35. Rcd1 $1 $18 {[%cal Rd1d3]} Qd8 {[#]} 36. Ba6 $1 e4 37. Bxd3 Rxd3 38. Rxd3 exd3 39. Qa4 $40 {[%mdl 128] Re8+ would kill now. White wants a kill.} b5 (39... Bf8 $142) 40. Qxb5 {White wants to mate with Re8+.} Qd4+ (40... Bf8 {is a better defense.} 41. Qe5+ Kg8) 41. Kf1 {Threatening mate with Qe8+.} Bf6 (41... Qd6 $142 42. Re8+ Bf8) 42. Qb7 {Precision: White = 57%, Black = 35%.} 1-0

[Event "EICC 2017"]
[Site "Minsk"]
[Date "2017.05.31"]
[Round "2"]
[White "Grachev, Boris"]
[Black "Sanal, Vahap"]
[Result "1/2-1/2"]
[WhiteElo "2658"]
[BlackElo "2533"]
[Annotator "TA"]
[PlyCount "53"]
[EventDate "2017.??.??"]
[EventCountry "BLR"]
[SourceTitle "playchess.com"]
[Source "ChessBase"]
[SourceQuality "1"]

{[%evp 11,53,-3,16,10,19,3,11,11,37,0,3,0,7,0,0,3,0,0,18,10,55,18,18,25,17,24,24,24,24,24,20,19,18,28,27,24,21,20,20,0,27,0,18,0]} 1. d4 Nf6 2. c4 e6 3. Nf3 b6 4. Nc3 Bb7 5. e3 d5 6. cxd5 Nxd5 7. Bb5+ {E12: Queen's Indian: Unusual White 4th moves, 4 a3, 4 Nc3 Bb7 5 a3 and 4 Nc3 Bb7} c6 8. Bd3 Be7 (8... g6 9. O-O Bg7 10. e4 Ne7 11. Bg5 O-O 12. Qc1 Nd7 13. Rd1 Rc8 14. e5 c5 {0-1 (52) Kramnik,V (2809)-Hou,Y (2651) Medias 2016}) 9. O-O c5 10. Bb5+ Bc6 $1 11. Bxc6+ Nxc6 12. Qa4 Qd7 13. dxc5 Nxc3 14. bxc3 Bxc5 15. Rd1 Qc7 $146 ({Predecessor:} 15... Qb7 16. Ne5 b5 {1-0 (54) Cerny,M (2130)-Chromovsky,H (1724) Ricany 2016}) 16. Nd4 (16. Ne5 $5 Rc8 17. f4 $11) 16... Rc8 17. Ba3 Bxa3 18. Qxa3 {Black must now prevent Nb5.} Nxd4 19. cxd4 {Strongly threatening Rdc1.} Qe7 20. Qa4+ Qd7 21. Qb4 Qe7 22. Qb5+ Qd7 23. a4 Rc7 24. Qb4 Qe7 25. Qb5+ Qd7 26. Qb4 Qe7 27. Qb5+ {Precision: White = 63%, Black = 78%.} 1/2-1/2

[Event "EICC 2017"]
[Site "Minsk"]
[Date "2017.05.31"]
[Round "2"]
[White "Berkes, Ferenc"]
[Black "Froewis, Georg"]
[Result "1-0"]
[WhiteElo "2654"]
[BlackElo "2432"]
[Annotator "TA"]
[PlyCount "45"]
[EventDate "2017.??.??"]
[EventCountry "BLR"]
[SourceTitle "playchess.com"]
[Source "ChessBase"]
[SourceQuality "1"]

{[%evp 13,45,4,7,-37,9,-10,11,-10,12,0,9,3,16,16,21,21,69,56,64,53,52,48,133,140,209,191,232,270,378,375,699,695,666,478]} 1. d4 d5 2. c4 e6 3. Nf3 Nf6 4. Nc3 c6 {[%cal Bc7c6,Bc6c5,Bc5c4][%mdl 32]} 5. Qb3 dxc4 6. Qxc4 b5 7. Qd3 a6 8. g4 $146 {D43: Semi-Slav: 5 Bg5 h6} ({Predecessor:} 8. Bg5 c5 9. Bxf6 gxf6 10. d5 Bb7 11. dxe6 Qxd3 12. exf7+ Kxf7 13. exd3 Rg8 14. a4 Nc6 15. axb5 Nd4 16. Nxd4 cxd4 {½-½ (47) Aronian,L (2792)-Giri,A (2782) Leuven 2016}) 8... c5 9. g5 c4 10. Qb1 {The position is equal.} (10. Qc2 $5 {[%cal Rg5f6]} Nd5 11. a4 $11) 10... Nd5 11. e4 Nb6 12. Be3 Bb7 13. Bg2 N8d7 14. a3 b4 15. axb4 Bxb4 16. Qc2 O-O 17. O-O Bxc3 ({Black should play} 17... a5 $14) 18. bxc3 $16 f5 (18... a5 $16 19. Ne5 Nxe5 20. dxe5 Qc7) 19. gxf6 $1 $18 Nxf6 20. Ng5 Ng4 21. Bc1 Qc7 $2 (21... Qd7 22. Bh3 h6) 22. e5 {[%csl Gg5][%cal Rc2h7] [#]} g6 23. f3 {Precision: White = 63%, Black =  2%.} 1-0

[Event "EICC 2017"]
[Site "Minsk"]
[Date "2017.05.31"]
[Round "2"]
[White "Sjugirov, Sanan"]
[Black "Matnadze, Ana"]
[Result "1-0"]
[WhiteElo "2654"]
[BlackElo "2413"]
[Annotator "TA"]
[PlyCount "75"]
[EventDate "2017.??.??"]
[EventCountry "BLR"]
[SourceTitle "playchess.com"]
[Source "ChessBase"]
[SourceQuality "1"]

{[%evp 16,75,28,22,25,6,6,17,22,8,43,43,43,46,48,47,53,46,89,93,99,100,125,120,142,143,135,138,274,256,255,263,277,287,270,271,260,261,272,263,268,272,269,270,331,330,328,309,408,411,697,709,691,669,906,876,1451,1434,1952,1866,29993,29994]} 1. e4 c6 2. d4 g6 3. Nf3 Bg7 4. Bd3 d5 5. Nbd2 dxe4 6. Nxe4 Nf6 7. Nxf6+ exf6 8. O-O O-O 9. h3 a5 {B15: Caro-Kann: 3 Nc3: 3...g6 and 3...dxe4 4 Nxe4 Nf6 5 Nxf6+ exf6} (9... Be6 10. Bf4 a5 11. Re1 Nd7 12. c4 a4 13. Qc2 Nb6 14. Rad1 Re8 15. b3 axb3 16. axb3 Bf8 17. Qc3 {1-0 (37) Motylev,A (2663)-Vastrukhin,O (2392) Sochi 2016}) 10. Bf4 Na6 11. c3 {[%cal Bc2c3,Bc3c4][%mdl 32]} Be6 {The position is equal.} 12. Re1 b5 $146 ({Predecessor:} 12... Re8 13. Qc2 Bf8 14. Rad1 a4 15. b3 axb3 16. axb3 Qb6 17. Nd2 {0-1 (59) Stets,D (2479)-Reschke,S (2361) Schwaebisch Gmuend 2012}) 13. a4 b4 14. c4 $36 {[%mdl 2048] White has some pressure.} Qd7 15. Qc2 Rfd8 16. Rad1 b3 17. Qxb3 Nb4 18. Bb1 Ra7 19. Qc3 h5 20. Be3 {Black must now prevent d5.} Rb7 21. Nd2 Bxh3 (21... Bf5 $16 {was necessary.} 22. Nb3 Rbb8) 22. gxh3 $18 Qxh3 23. Bf4 Qg4+ 24. Qg3 Qxg3+ 25. Bxg3 Rxd4 26. Nb3 Rg4 {intending ...h4.} 27. Kh2 ({Weaker is} 27. Nxa5 Ra7 $14) 27... Na6 28. Bc2 f5 {White should prevent ...f4.} 29. Kh3 Nb4 30. Rd8+ ({Not} 30. Nxa5 Ra7 $14) 30... Kh7 31. Bd1 Na6 32. Nxa5 Rxb2 (32... Rxg3+ $142 33. fxg3 Rxb2) 33. Bxg4 fxg4+ 34. Kg2 Nb4 35. Re7 g5 36. Rxf7 {And now Be5 would win.} Nc2 {[#]} 37. Rxg7+ $1 Kh6 (37... Kxg7 38. Be5+) 38. Re7 {Precision: White = 94%, Black = 34%.} 1-0

[Event "EICC 2017"]
[Site "Minsk"]
[Date "2017.05.31"]
[Round "2"]
[White "Khismatullin, Denis"]
[Black "Macieja, Bartlomiej"]
[Result "1/2-1/2"]
[WhiteElo "2651"]
[BlackElo "2530"]
[Annotator "TA"]
[PlyCount "164"]
[EventDate "2017.??.??"]
[EventCountry "BLR"]
[SourceTitle "playchess.com"]
[Source "ChessBase"]
[SourceQuality "1"]

{[%evp 21,164,33,45,-2,-4,-6,0,-22,-7,-6,0,-24,-7,-9,13,-59,14,16,14,0,0,0,0,-3,29,37,35,25,22,24,25,13,14,9,25,11,33,0,21,7,36,26,36,18,28,30,66,58,54,25,16,8,17,18,12,6,45,42,39,34,40,0,0,0,135,133,141,147,143,130,135,132,178,174,171,61,102,94,91,83,60,10,0,0,92,0,0,0,0,-30,-8,-25,0,0,0,0,0,0,0,0,0,0,0,0,8,8,8,8,8,0,0,0,0,0,0,0,0,0,0,0,0,0,0,0,0,0,0,0,0,0,0,0,0,0,0,0,0,0,0,0,0,0,0,0,-22]} 1. Nf3 c5 2. c4 Nc6 3. Nc3 Nf6 4. g3 g6 5. Bg2 Bg7 6. d4 cxd4 7. Nxd4 O-O 8. Nc2 d6 9. b3 Be6 10. O-O Qd7 11. Bb2 Bh3 12. Ne3 {A38: Symmetrical English vs ...g6: 4 Bg2 Bg7 5 Nf3 Nf6} Bxg2 13. Kxg2 e6 (13... Rac8 14. Qd2 Ne5 15. Rac1 Qc6+ 16. f3 Rfe8 17. Nb5 Ra8 18. a4 a6 19. Nd4 Qb6 {0-1 (64) Fedoseev,V (2665)-Perez Ponsa,F (2586) ICC INT 2016}) 14. Qd2 Rad8 $146 ({Predecessor:} 14... Rfd8 15. Rad1 a6 16. Qc1 Ne5 17. f3 b5 18. Nxb5 axb5 19. Bxe5 Qc6 {½-½ (36) Dizdar,G (2502)-Seyb,A (2420) Austria 2016}) 15. Rfd1 Rfe8 16. Rab1 a6 (16... d5 $5 17. cxd5 exd5 18. Ncxd5 (18. Nexd5 Nxd5 19. Qxd5 Qxd5+ 20. Nxd5 Rxe2 $11) 18... Nxd5 19. Qxd5 (19. Nxd5 Nd4 $11) 19... Qxd5+ 20. Nxd5 Rxe2 21. Bxg7 Kxg7 $11) 17. Kg1 Ne7 18. Qd4 (18. Rbc1 $11) 18... Qc6 ({Black should try} 18... d5 $15) 19. Rbc1 $11 h5 20. Qh4 Nh7 21. Rc2 Bf6 22. Qe4 Rd7 23. Qxc6 bxc6 24. Ne4 Bxb2 25. Rxb2 d5 26. b4 Ra7 27. Nc5 Nf6 28. Rd3 Nd7 29. Ra3 Rea8 30. Ra5 Nc8 31. Nxd7 Rxd7 32. Rc2 Rb7 33. a3 Ne7 34. Kg2 Kf8 35. Nd1 Nf5 36. e3 Ke7 37. Nb2 Nd6 38. Rc5 Kd7 39. cxd5 cxd5 40. Nd3 Ke7 41. Rc7+ Rxc7 42. Rxc7+ {[%mdl 4096] Endgame KRN-KRN} Kf6 (42... Kd8 $1 $11 {remains equal.} 43. Rc6 a5) 43. a4 $1 $16 a5 44. Rc6 $1 {[%cal Rc6d6]} Ke7 45. b5 $1 Rc8 46. Ne5 $1 g5 {[#]} 47. Ra6 $1 Rc2 48. Nc6+ (48. Rxa5 $18 Ne4 49. Nd3) 48... Kd7 $14 49. Rxa5 Nc4 50. Ra7+ Kd6 51. Kf1 Rc1+ $1 52. Kg2 (52. Ke2 $11) 52... Rc2 $1 $16 {[#] White should prevent ...Nxe3+.} 53. Nb4 ({Much weaker is} 53. Rxf7 $6 Nxe3+ 54. Kh3 Nf5 $11) ({Better is} 53. Nd8 $1 $16) 53... Rb2 $11 54. Nd3 Rd2 55. Ne1 Nxe3+ 56. Kg1 $1 Ng4 57. Rxf7 {The position is equal.} Ra2 58. b6 {Hoping for b7.} Rxa4 59. Nc2 {White wants to mate with b7.} Ra2 60. b7 Rb2 61. Nd4 e5 62. Nf3 Nxf2 {[#] And now ...Ne4 would win.} 63. b8=Q+ $1 {[%mdl 512]} Rxb8 64. Kxf2 {Rf6+ is the strong threat. KRN-KR} Rb2+ 65. Kg1 g4 66. Nh4 d4 67. Rf8 e4 68. Rd8+ Kc5 69. Rc8+ Kd5 70. Ng6 e3 71. Re8 Rb1+ 72. Kg2 Rb2+ (72... Kc4 $5 {[%cal Rd4d3]} 73. Nf4 Rb2+ 74. Kf1 Rf2+ 75. Ke1 Rxh2 $11) 73. Kf1 Rxh2 74. Nf4+ Kc4 75. Rc8+ Kb4 76. Ke1 h4 77. gxh4 g3 {Threatens to win with ...g2.} 78. Rb8+ Kc4 {Strongly threatening ...g2.} 79. Rc8+ Kb5 80. Rb8+ Kc6 81. Rg8 Rxh4 82. Ng2 Rh1+ {Precision: White = 59%, Black = 64%.} 1/2-1/2

[Event "EICC 2017"]
[Site "Minsk"]
[Date "2017.05.31"]
[Round "2"]
[White "Swiercz, Dariusz"]
[Black "Djukic, Nikola"]
[Result "1/2-1/2"]
[WhiteElo "2649"]
[BlackElo "2526"]
[Annotator "TA"]
[PlyCount "75"]
[EventDate "2017.??.??"]
[EventCountry "BLR"]
[SourceTitle "playchess.com"]
[Source "ChessBase"]
[SourceQuality "1"]

{[%evp 10,75,42,37,43,43,33,39,44,25,25,30,30,30,23,26,41,39,54,45,47,36,61,61,64,18,32,22,47,48,55,31,45,14,35,0,0,0,0,0,0,0,0,0,0,0,0,0,0,0,0,0,0,0,14,14,4,0,0,0,0,0,0,-12,-5,-21,-22,-17]} 1. e4 g6 2. d4 Bg7 3. Nc3 d5 4. exd5 Nf6 5. Bc4 Nbd7 6. Nf3 Nb6 {B06: Modern Defence} 7. Bb3 O-O 8. O-O a5 {Black wants to play ...a4.White is slightly better.} 9. a3 a4 10. Ba2 Nbxd5 11. Nxd5 Nxd5 12. Bg5 $146 ({Predecessor:} 12. Re1 c6 13. Ne5 Be6 14. c3 {1-0 (53) Balogh,C (2637)-Viterbo Ferreira,J (2413) Tromsoe 2014}) 12... Bf6 13. Qd2 c6 14. Rfe1 Bg4 15. Ne5 Be6 16. Bh6 Re8 17. Rad1 Qa5 18. c3 Nc7 {[%cal Bd5c7,Bc7e6,Be6f4][%mdl 32]} 19. Bxe6 Nxe6 20. Ng4 Rad8 21. Qe2 Qf5 22. Bc1 {[#] Strongly threatening Nh6+.} Bg7 {The position is equal.} 23. Bh6 Nf4 24. Qf3 Nd5 25. Qg3 Nf6 26. h3 Nxg4 27. hxg4 Qb5 28. Bxg7 Kxg7 29. Rd2 e6 30. g5 Rd5 31. Re5 h6 (31... Red8 $5 {[%cal Rd5e5]} 32. Qf4 R8d7 $11) 32. gxh6+ Kxh6 33. Qe3+ Kg7 34. Rxd5 Qxd5 35. Qe5+ Kf8 36. Re2 Qxe5 37. Rxe5 Ra8 38. Kf1 {Precision: White = 61%, Black = 57%.} 1/2-1/2

[Event "EICC 2017"]
[Site "Minsk"]
[Date "2017.05.31"]
[Round "2"]
[White "Sutovsky, Emil"]
[Black "Gorovets, Andrey"]
[Result "1-0"]
[WhiteElo "2646"]
[BlackElo "2524"]
[Annotator "TA"]
[PlyCount "51"]
[EventDate "2017.??.??"]
[EventCountry "BLR"]
[SourceTitle "playchess.com"]
[Source "ChessBase"]
[SourceQuality "1"]

{[%evp 14,51,50,35,56,33,64,64,52,-9,43,-41,-42,-42,-41,-64,0,0,20,0,15,0,195,208,198,215,389,331,371,329,330,335,337,325,1844,1847,1775,1662,29988,2180]} 1. e4 c5 2. Nf3 e6 3. d4 cxd4 4. Nxd4 a6 5. c4 Nf6 6. Nc3 Qc7 7. Be2 Bb4 8. Nc2 Be7 {B41: Sicilian: Kan Variation: 5 c4} 9. Qd3 b6 10. Qg3 d6 {White is slightly better.} 11. f4 $146 (11. Be3 $14) ({Predecessor:} 11. Bf4 O-O 12. O-O-O Ne8 13. e5 dxe5 14. Bxe5 Qa7 15. Bf3 Bb7 16. Ne4 {0-1 (68) Popov,I (2613)-Papin,V (2569) Olginka 2011}) 11... Bb7 (11... O-O $11) 12. e5 (12. f5 $1 $14) 12... dxe5 $15 13. fxe5 Nfd7 14. O-O Qxe5 (14... Nc6 $1 $15) 15. Bf4 $1 $36 {[%cal Rf4e5][%mdl 2048] White has the initiative.} Qc5+ 16. Kh1 g5 17. Bc7 {[#] Threatens to win with b4.} e5 $2 (17... h5 $1 $11 {and Black has nothing to worry.}) 18. Bxb8 $1 $18 Rxb8 19. Ne3 Nf6 $2 (19... O-O 20. Bd3 f6) 20. Nf5 Rg8 21. Nd5 Nxd5 22. cxd5 Qxd5 23. Rad1 Qa5 $2 (23... Qxg2+ 24. Qxg2 Bxg2+ 25. Kxg2 Rg6) 24. Nxe7 Kxe7 {[#]} 25. b4 $1 {[%mdl 512]} Bxg2+ (25... Qxb4 26. Qxe5+) 26. Kxg2 {Precision: White = 50%, Black = 24%.} (26. Qxg2 $142 Qxa2 27. Qc6 Kf8 28. Qd6+ Kg7 29. Qf6+ Kf8 30. Rd7 Rg6 31. Rxf7+ Kg8 32. Rf8+ Rxf8 33. Qxf8#) 1-0

[Event "EICC 2017"]
[Site "Minsk"]
[Date "2017.05.31"]
[Round "2"]
[White "Zhigalko, Sergei"]
[Black "Harutyunian, Tigran K"]
[Result "1-0"]
[WhiteElo "2643"]
[BlackElo "2523"]
[Annotator "TA"]
[PlyCount "147"]
[EventDate "2017.??.??"]
[EventCountry "BLR"]
[SourceTitle "playchess.com"]
[Source "ChessBase"]
[SourceQuality "1"]

{[%evp 21,147,15,18,14,17,19,37,39,42,27,33,22,22,18,18,25,29,19,26,26,22,28,30,14,25,10,28,14,16,18,12,12,15,0,30,22,30,40,45,34,50,48,270,110,167,103,91,0,162,105,88,103,113,106,170,172,188,179,169,126,136,133,136,143,146,137,179,185,229,214,277,280,288,279,287,265,277,284,267,256,287,277,293,281,320,321,332,329,324,322,314,330,323,331,330,335,334,327,301,283,283,283,282,273,364,356,324,300,1529,1523,1493,1458,1429,1389,1071,951,1589,1675,5820,5636,29977,29978,29975,29976,29983,29984,29985,29986]} 1. e4 e5 2. Nf3 Nc6 3. Bb5 a6 4. Ba4 Nf6 5. O-O Be7 6. d3 b5 7. Bb3 O-O 8. h3 Bb7 9. Nc3 d6 10. a3 Nb8 {C84: Closed Ruy Lopez: Unusual White 6th moves} (10... Nd7 11. Nd5 Nc5 12. Ba2 Ne6 13. Be3 Qd7 14. Nxe7+ Nxe7 15. Re1 Kh8 16. d4 exd4 17. Bxd4 Nxd4 18. Nxd4 {1-0 (46) Salgado Lopez,I (2622)-Bartel,M (2664) Wroclaw 2014}) 11. Re1 Nbd7 {LiveBook: 3 Games} 12. Ne2 Nc5 {The position is equal.} 13. Ba2 d5 $146 ({Predecessor:} 13... Ne6 14. Ng3 Re8 15. Nf5 Bf8 16. Ng5 Nxg5 17. Bxg5 h6 18. Be3 Bc8 {½-½ (44) Chetrari,N (1864)-Roger,M (2165) Avoine 2013}) 14. exd5 e4 15. dxe4 Ncxe4 16. c4 Bc5 17. Ned4 bxc4 18. Bxc4 Bxd5 19. Qc2 a5 20. Be3 Bxc4 21. Qxc4 Qd5 22. Rac1 Rab8 23. Qc2 Rfe8 24. Rcd1 Qb7 25. Re2 Rbd8 26. Rde1 Qb6 27. Nf5 {[%cal Bd4f5,Bf5h6,Bh6g4,Bg4e5][%mdl 32]} Bxe3 (27... Rd5 $5 {[%cal Rd5f5]} 28. Bxc5 Rxc5 $11) 28. Rxe3 g6 29. Nh6+ Kg7 30. Ng4 {[%cal Re3e4]} h5 31. Nge5 Nd6 $2 (31... Qc5 $14 32. Qe2 Rxe5 33. Nxe5 Rd2 34. Rxe4 Rxe2 35. R4xe2 a4) 32. Rb3 (32. Ng5 $18 {is more deadly.} Nf5 33. Ngxf7) 32... Nb5 (32... Qa6 $16) 33. Qc4 (33. Rc1 $1 $18) 33... Nd6 34. Qc2 ({Don't play} 34. Rxb6 $6 Nxc4 35. Rc6 Nxe5 $11) (34. Qd3 $16 Qc5 35. Rc3) 34... Nb5 $1 $18 35. Qc1 (35. Rc1 $1 $18) 35... a4 $16 36. Qc4 $40 {[%mdl 128] White wants a kill.} Rd5 37. Qxa4 c6 (37... Qc5 $16) 38. Qc4 $18 {aiming for a4.} Qc5 39. Qxc5 $1 Rxc5 40. Nd3 Rxe1+ 41. Nfxe1 Rd5 42. a4 Nd4 43. Ra3 c5 44. a5 c4 {[#]} 45. Nb4 $1 {[%cal Rb4d5]} Rb5 46. a6 {Hoping for a7.} Nd7 47. a7 Nb6 48. Nec2 Nxc2 49. Nxc2 Rxb2 {[%mdl 4096] Endgame [#] KRN-KRN} 50. Ne3 $1 Na8 {intending ...c3.} 51. Nxc4 Rb1+ 52. Kh2 Rb7 53. g3 Kf6 54. Ra6+ Ke7 55. Kg2 Rb5 56. Kf3 Rc5 57. Nb6 Nxb6 58. Rxb6 {KR-KR} Ra5 59. Rb7+ Ke6 60. Ke4 Ra4+ 61. Kd3 f6 62. Kc3 Kd5 63. Kb3 Ra1 64. Kb4 Ke4 $2 (64... Kc6 65. Rf7 f5) 65. Re7+ Kd5 66. Kb5 Kd6 67. Rf7 Ke6 68. Rg7 g5 69. Kb6 Kd5 70. Rg8 Ke4 71. a8=Q+ {White mates.} Rxa8 72. Rxa8 Kf3 73. Ra3+ Kxf2 74. g4 {Precision: White = 80%, Black = 51%.} 1-0